| 000 | 01345nam a2200277 a 4500 | ||
|---|---|---|---|
| 001 | 000021643 | ||
| 003 | DO-SdBNP | ||
| 005 | 20250912133545.0 | ||
| 007 | ta | ||
| 008 | 100909s2011 dr 000 0 spa d | ||
| 020 | _a97899454574087 (encuadernación de lujo) | ||
| 040 |
_aDO-SdBNP _bspa _cBNPHU |
||
| 082 |
_a972.93 _bH695s _222 |
||
| 100 | 1 |
_aHoetink, H., _d1931- _937205 |
|
| 245 | 1 | 0 |
_aSanto Domingo y el Caribe : _bensayos sobre cultura y sociedad / _cHarry Hoetink ; prólogo Bernardo Vega. |
| 250 | _a2a. ed. | ||
| 260 |
_aSanto Domingo : _bFundación Cultural Dominicana, _c2011. |
||
| 300 |
_a211 p. ; _c23 cm. |
||
| 505 | _aPequeño tríptico dominicano-holandés 13|Los americanos en Samaná 25|El Cibao: 1844-1900: su aportación a la formación social de la República 51|Escasez laboral e inmigración en la República Dominicana, 1875-1930 91|Ideología, intelectuales, identidad: la República Dominicana. 1880-1980. Algunas notas preliminares 113|Africa y el Caribe: los vínculos culturales 131|Raza y color en el Caribe 159|Datos sobre los artículos en este libro 203 | ||
| 590 | _aInventariado, 2022 / DG | ||
| 651 | 0 |
_aCaribe (Región) _xCivilización) _2LEMB _987401 |
|
| 651 | 0 |
_aCaribe (Región) _xHistoria _2LEMB _987401 |
|
| 700 | 1 |
_aVega, Bernardo, _d1938 - _epról. _93222 |
|
| 910 | _aDG | ||
| 942 |
_2ddc _cLBS1 |
||
| 999 |
_c53077 _d53077 |
||